000 00304nam a2200109Ia 4500
008 171211s9999 xx 000 0 und d
245 _aMicrosoft PowerPoint 2010: Comprehensive
245 _cGary B. Shelly
260 _c2011
650 _xSOFTWARE
856 _uhttp://down.ebook777.com/063/143907903X.pdf
999 _c349322
_d349322